ARRUPE JESUIT UNIVERSITY

CORONAVIRUS -STOP THE SPREAD - CLEAN,DISINFECT,COVER

Moral Degeneration In Contemporary Zimbabwean Business Practices (Record no. 119724)

MARC details
000 -LEADER
fixed length control field 00524nam a22001457a 4500
008 - FIXED-LENGTH DATA ELEMENTS--GENERAL INFORMATION
fixed length control field 140128b xxu||||| |||| 00| 0 eng d
020 ## - INTERNATIONAL STANDARD BOOK NUMBER
International Standard Book Number 978-9956-726-97-4
050 ## - LIBRARY OF CONGRESS CALL NUMBER
Classification number HF5387.M462 2011
100 ## - MAIN ENTRY--PERSONAL NAME
Personal name Mawere, Munyaradzi
9 (RLIN) 7140
245 ## - TITLE STATEMENT
Title Moral Degeneration In Contemporary Zimbabwean Business Practices
Statement of responsibility, etc Munyaradzi Mawere
260 ## - PUBLICATION, DISTRIBUTION, ETC. (IMPRINT)
Place of publication, distribution, etc Cameroon
Name of publisher, distributor, etc Langaa Research and Publishing CIG
Date of publication, distribution, etc 2011
300 ## - PHYSICAL DESCRIPTION
Extent xiv, 171p. ;
Dimensions 21cm.
650 ## - SUBJECT ADDED ENTRY--TOPICAL TERM
Topical term or geographic name as entry element Business ethics
General subdivision Economic conditions
Geographic subdivision Zimbabwe
9 (RLIN) 7141
942 ## - ADDED ENTRY ELEMENTS (KOHA)
Source of classification or shelving scheme Library of Congress Classification
Item type Monograph ( Printed materials)
Koha issues (borrowed), all copies 3
Holdings
Withdrawn status Lost status Source of classification or shelving scheme Damaged status Not for loan Home library Current library Date acquired Total Checkouts Full call number Barcode Date last seen Date last borrowed Price effective from Koha item type
    Library of Congress Classification     ARRUPE LIBRARY ARRUPE LIBRARY 28/01/2014 3 HF5387.M462 2011 464122280 30/04/2018 13/02/2015 28/01/2014 Monograph ( Printed materials)

 

Arrupe Library. PO Box MP320 Mt Pleasant, Harare, Zimbabwe
263 242 745411|librarian@aju.ac.zw